Studies in Hausa language, literature and culture : the sixth international conference (Record no. 42849)

MARC details
000 -LEADER
fixed length control field 00452nam a2200169Ia 4500
020 ## - INTERNATIONAL STANDARD BOOK NUMBER
ISBN 9789781258701
050 ## - CALL MARK
Classification number PL 8231 .I68/
245 #0 - TITLE STATEMENT
Title Studies in Hausa language, literature and culture : the sixth international conference
260 ## - PUBLICATION, DISTRIBUTION, ETC. (IMPRINT)
Place of publication Kaduna
260 ## - PUBLICATION, DISTRIBUTION, ETC. (IMPRINT)
Name of publisher Ahmadu Bello Printing Press
260 ## - PUBLICATION, DISTRIBUTION, ETC. (IMPRINT)
Year of publication 2011
300 ## - PHYSICAL DESCRIPTION
Number of Pages 487 p
650 ## - SUBJECT ADDED ENTRY--TOPICAL TERM
Topical Term Kaduna
942 ## - ADDED ENTRY ELEMENTS (KOHA)
Koha item type Books
Holdings
Withdrawn status Lost status Source of classification or shelving scheme Damaged status Not for loan Permanent Location Current Location Shelving location Date acquired Accession Number Price effective from Koha item type
    Library of Congress Classification     NILE UNIVERSITY OF NIGERIA - MAIN LIBRARY NILE UNIVERSITY OF NIGERIA - MAIN LIBRARY Items on shelf 06/03/2025 0002033 06/03/2025 Books